00645cam a22001814a 450000500170000000800410001704000240005804100080008204400070009008200180009711100620011524500700017726000620024730000400030961000470034965000400039670000270043620160217143900.0011210s1998 dcu 000 0 eng  aDLCcDLCdCO-BoIAVH0 aeng ack04a333.714bS93g2 aGEF AssemblycNueva Delhi, Indiad1 al 3 de abril de 199800aStudy of GEF's overall performance /cGareth Porter ... [et al.]. aWashington, D.C. :bGlobal Environment Facility,c[1998?] axviii, 111 páginas ;c28 x 21 cm.20aGlobal Environment FacilityxEvaluación. 6aPolítica ambientalxEvaluación.1 aPorter, Gareth,d1942-